<?xml version="1.0" encoding="UTF-8"?>
<collection xmlns="http://www.loc.gov/MARC21/slim">
 <record>
  <leader>02031nam a2200397   4500</leader>
  <controlfield tag="001">000018398</controlfield>
  <controlfield tag="003">14829</controlfield>
  <controlfield tag="005">20131113141156.0</controlfield>
  <controlfield tag="008">131025s2013                        viesd</controlfield>
  <datafield tag="041" ind1=" " ind2=" ">
   <subfield code="a">vie</subfield>
  </datafield>
  <datafield tag="082" ind1="1" ind2="4">
   <subfield code="a">372.357</subfield>
   <subfield code="b">PH-P</subfield>
  </datafield>
  <datafield tag="100" ind1="1" ind2=" ">
   <subfield code="a">Phan Thị Phê</subfield>
  </datafield>
  <datafield tag="245" ind1="1" ind2=" ">
   <subfield code="a">Bồi dưỡng tình yêu thiên nhiên, đất nước cho học sinh lớp 1, 2, 3 trong dạy học chủ đề “tự nhiên” của môn tự nhiên và xã hội</subfield>
   <subfield code="c">Phan Thị Phê ; Vũ Đình Ngàn hướng dẫn</subfield>
   <subfield code="k">Khóa luận tốt nghiệp</subfield>
  </datafield>
  <datafield tag="260" ind1=" " ind2=" ">
   <subfield code="a">Đà Nẵng</subfield>
   <subfield code="b">Đại học Sư phạm, Đại học Đà Nẵng</subfield>
   <subfield code="c">2013</subfield>
  </datafield>
  <datafield tag="300" ind1=" " ind2=" ">
   <subfield code="a">69 tr., phụ lục 28 tr.</subfield>
   <subfield code="b">mh.</subfield>
   <subfield code="c">29 cm.</subfield>
   <subfield code="e">Bản tóm tắt</subfield>
  </datafield>
  <datafield tag="500" ind1=" " ind2=" ">
   <subfield code="a">Khóa luận tốt nghiệp đại học. Chuyên ngành: Sư phạm Tiểu học</subfield>
  </datafield>
  <datafield tag="504" ind1=" " ind2=" ">
   <subfield code="a">Mục lục đầu trang, tài liệu tham khảo tr. 73 - 74, phụ lục [13 tr.]</subfield>
  </datafield>
  <datafield tag="520" ind1=" " ind2=" ">
   <subfield code="a">Cơ sở lí luận và cơ sở thực tiễn. Nội dung, phương pháp và hình thức bồi dưỡng tình yêu thiên nhiên, đất nước cho học sinh thông qua dạy học chủ đề “Tự nhiên”</subfield>
  </datafield>
  <datafield tag="600" ind1="1" ind2="4">
   <subfield code="b">Vua</subfield>
   <subfield code="c">Đinh Tiên Hoàng</subfield>
  </datafield>
  <datafield tag="650" ind1="0" ind2="4">
   <subfield code="a">Giáo dục tiểu học</subfield>
   <subfield code="v">Khóa luận tốt nghiệp</subfield>
   <subfield code="x">Thiên nhiên</subfield>
   <subfield code="z">Việt Nam</subfield>
  </datafield>
  <datafield tag="650" ind1="0" ind2="4">
   <subfield code="a">Giáo dục tiểu học</subfield>
   <subfield code="v">Khóa luận tốt nghiệp</subfield>
   <subfield code="x">Tự nhiên xã hội</subfield>
  </datafield>
  <datafield tag="653" ind1=" " ind2=" ">
   <subfield code="a">Tự nhiên xã hội</subfield>
  </datafield>
  <datafield tag="653" ind1=" " ind2=" ">
   <subfield code="a">Khoa Tiểu học - Mầm non</subfield>
  </datafield>
  <datafield tag="653" ind1=" " ind2=" ">
   <subfield code="a">Tình yêu thiên nhiên</subfield>
  </datafield>
  <datafield tag="653" ind1=" " ind2=" ">
   <subfield code="a">Tình yêu đất nước</subfield>
  </datafield>
  <datafield tag="700" ind1="1" ind2=" ">
   <subfield code="a">Vũ Đình Ngàn</subfield>
   <subfield code="e">Hướng dẫn</subfield>
  </datafield>
  <datafield tag="OWN" ind1=" " ind2=" ">
   <subfield code="a">LSP</subfield>
  </datafield>
  <datafield tag="AVA" ind1=" " ind2=" ">
   <subfield code="a">UDN50</subfield>
   <subfield code="b">LSP</subfield>
   <subfield code="d">372.357 PH-P</subfield>
   <subfield code="e">available</subfield>
   <subfield code="t">Error 5001 Not defined in file expand_doc_bib_avail.</subfield>
   <subfield code="f">1</subfield>
   <subfield code="g">0</subfield>
   <subfield code="h">N</subfield>
   <subfield code="i">0</subfield>
   <subfield code="k">1</subfield>
  </datafield>
  <datafield tag="999" ind1=" " ind2=" ">
   <subfield code="a">From the UDN01</subfield>
  </datafield>
  <datafield tag="AVA" ind1=" " ind2=" ">
   <subfield code="a">UDN50</subfield>
   <subfield code="b">LSP</subfield>
   <subfield code="d">372.357 PH-P</subfield>
   <subfield code="e">available</subfield>
   <subfield code="t">Error 5001 Not defined in file expand_doc_bib_avail.</subfield>
   <subfield code="f">1</subfield>
   <subfield code="g">0</subfield>
   <subfield code="h">N</subfield>
   <subfield code="i">0</subfield>
   <subfield code="k">1</subfield>
  </datafield>
  <datafield tag="TYP" ind1=" " ind2=" ">
   <subfield code="a">Monograph</subfield>
  </datafield>
  <datafield tag="TYP" ind1=" " ind2=" ">
   <subfield code="a">Printed language</subfield>
  </datafield>
  <datafield tag="980" ind1=" " ind2=" ">
   <subfield code="a">Mạng thư viện Đại học Đà Nẵng</subfield>
  </datafield>
 </record>
</collection>
